Развитие комбинаторной теории групп: очерк истории развития идей: пер. с англ.

গ্রন্থ-পঞ্জীর বিবরন
প্রধান লেখক: Чандлер Б.
অন্যান্য লেখক: Магнус В.
ভাষা:রুশ
প্রকাশিত: Москва, Мир, 1985
বিষয়গুলি:
বিন্যাস: গ্রন্থ
KOHA link:https://koha.lib.tpu.ru/cgi-bin/koha/opac-detail.pl?biblionumber=276174

MARC

LEADER 00000nam0a2200000 4500
001 276174
005 20231101234908.0
035 |a (RuTPU)RU\TPU\book\299432 
090 |a 276174 
100 |a 20141119d1985 k y0rusy50 ca 
101 1 |a rus  |c eng 
102 |a RU 
105 |a a z 001zy 
200 1 |a Развитие комбинаторной теории групп: очерк истории развития идей  |e пер. с англ.  |f Б. Чандлер, В. Магнус 
210 |a Москва  |c Мир  |d 1985 
215 |a 255 с.  |c ил. 
320 |a Библиогр.: с. 219-244 
320 |a Именной указатель: с. 244-247 
320 |a Предметный указатель: с. 248-251 
606 1 |a Алгебра высшая  |2 stltpush  |3 (RuTPU)RU\TPU\subj\1729  |9 30432 
610 1 |a теория групп 
610 1 |a развитие 
610 1 |a идеи 
610 1 |a история 
610 1 |a линейные группы 
610 1 |a многообразия 
610 1 |a группы 
675 |a 512.5  |v 3 
700 1 |a Чандлер  |b Б. 
701 1 |a Магнус  |b В. 
801 1 |a RU  |b 63413507  |c 20141119 
801 2 |a RU  |b 63413507  |c 20170131  |g RCR 
942 |c BK